Top 50 Most Expected Players Euro 2016 - Statistics

General Stats
  • This quiz has been taken 252 times
  • The average score is 26 of 50
Answer Stats
Rank Player Post Coutry % Correct
2 Cristiano Ronaldo ST Portugal
100%
6 Gareth Bale ST Wales
94%
5 Robert Lewandowski ST Poland
94%
3 Thomas Müller ST Germany
93%
12 Luka Modric MF Croatia
92%
1 Paul Pogba MF France
92%
8 Zlatan Ibrahimovic ST Sweden
90%
4 Antoine Griezmann ST France
89%
16 Gianluigi Buffon GK Italy
88%
10 Harry Kane ST England
88%
11 Eden Hazard ST Belgium
85%
7 Andrès Iniesta MF Spain
83%
19 Manuel Neuer GK Germany
83%
17 David Alaba MF Austria
79%
18 Marek Hamsik MF Slovakia
71%
20 Ivan Rakitic MF Croatia
67%
9 Kevin De Bruyne ST Belgium
67%
14 Xherdan Shaqiri ST Switzerland
67%
32 Thibaut Courtois GK Belgium
65%
36 Petr Cech GK Czech Republic
58%
13 Mesut Ozil MF Germany
56%
24 Arda Turan MF Turkey
54%
38 Aaron Ramsey MF Wales
53%
23 Alvaro Morata ST Spain
53%
15 Gylfi Sigurdsson MF Iceland
53%
41 Granit Xhaka MF Switzerland
48%
39 Leonardo Bonucci DF Italy
48%
22 Dimitri Payet MF France
45%
44 Renato Sanches MF Portugal
45%
27 Jamie Vardy ST England
44%
42 Arkadiusz Milik ST Poland
40%
37 Marko Arnautovic ST Austria
36%
30 Dele Alli MF England
34%
40 Marcus Rashford ST England
32%
35 Hakan Calhanoglu MF Turkey
29%
21 William Carvalho MF Portugal
28%
25 Artem Dzyuba ST Russia
27%
49 Andriy Yarmolenko ST Ukraine
26%
28 Grzegorz Krychowiak MF Poland
25%
29 Kyle Lafferty ST Northern Ireland
18%
43 Shane Long ST Ireland
18%
34 Yevhen Konoplyanka MF Ukraine
17%
50 Gabor Kiraly GK Hungary
16%
26 Julian Draxler ST Germany
16%
31 Christian Fuchs DF Austria
15%
45 Lorik Cana DF Albania
13%
46 Seamus Coleman DF Ireland
13%
33 Nicolae Stanciu MF Romania
11%
48 Fyodor Smolov ST Russia
8%
47 Vlad Chiriches DF Romania
8%
No matching quizzes found
Score Distribution
Percent of People with Each Score
Percentile by Number Answered
Your Score History
You have not taken this quiz